Quản trị nguồn nhân lực trong doanh nghiệp bưu chính viễn thông /

Gardado en:
Detalles Bibliográficos
Autor Principal: Hà Văn Hội
Formato: Libro
Idioma:Vietnamese
Publicado: Bưu điện 2002
Các nhãn: Engadir etiqueta
Sen Etiquetas, Sexa o primeiro en etiquetar este rexistro!
Thư viện lưu trữ: Mạng thư viện Đại học Đà Nẵng
LEADER 00714nam a2200265 4500
001 000027433
003 HA-HF
005 20150403120000.0
008 150403s vm 000 vie
020 |c 0,0000 
040 |a notts 
100 |a Hà Văn Hội 
245 |a Quản trị nguồn nhân lực trong doanh nghiệp bưu chính viễn thông /  |c Hà Văn Hội (chủ biên), Bùi Xuân Phong, Vũ Trọng Phong. 
260 |b Bưu điện  |c 2002 
OWN |a LTT 
999 |a From the UDN01 
TYP |a Monograph 
TYP |a Printed language 
980 |a Mạng thư viện Đại học Đà Nẵng